Nuevo código de trabajo en Guatemala
Salvato in:
| Natura: | testo |
|---|---|
| Soggetti: | |
| Tags: |
Aggiungi Tag
Nessun Tag, puoi essere il primo ad aggiungerne!!
|
MARC
| LEADER | 00000 a a2200000 04500 | ||
|---|---|---|---|
| 001 | 17878 | ||
| 003 | |||
| 040 | |||
| 245 | |a Nuevo código de trabajo en Guatemala | ||
| 650 | |a CODIGO DEL TRABAJO | ||
| 650 | |a CAMARAS DE COMERCIO | ||
| 650 | |a CONFLICTOS LABORALES | ||
| 650 | |a GUATEMALA | ||
| 773 | |g volumen 3, número 38. (1979) páginas 326 | ||
| 999 | |c 37379 |d 37379 | ||
| 773 | 0 | |0 42391 |9 3780 |a Agencia Latinoamericana de Información, ALAI |d Quito, Ecuador: ALAI |o 03889 |t ALAI: |x 08275564 (Servicio mensual de información y documentación) | |
